000 01376nam0a22003371 4500
001 rc\2125795
005 20200731151302.0
035 _a(NLR Aleph) 006534231
090 _a6566826
_c6566826
100 _a20110826d1978 |||y0rusy50 ca
101 0 _arus
102 _aRU
105 _aa z |||||
200 1 _aСистемы управления полетом космических аппаратов
_fГ.Г. Бебенин, Б.С. Скребушевский, Г.А. Соколов
_gПод ред. д. т. н. Г.Г. Бебенина
210 _aМосква
_cМашиностроение
_d1978
215 _a270 с.
_cил.
_d22
320 _aСписок лит.: с. 266-268 (55 назв.)
606 _aКосмические летательные аппараты
_xУправление
_2psbo
686 _aО62-015,07
_2rubbk
686 _aО62-047,07
_2rubbk
700 1 _aБебенин
_bГ. Г.
_gГеннадий Георгиевич
701 1 _aСоколов
_bГ. А.
_cд-р техн. наук
_gГригорий Андреевич
_3RU\NLR\AUTH\7754536
701 1 _aСкребушевский
_bБ. С.
_gБорис Сергеевич
801 0 _aRU
_bNLR
_gpsbo
801 1 _aRU
_bELAR
_2rusmarc
852 _aNLR
_j78-5/3952
899 _aRuMoRGB
_jБ 78-9/682
899 _aRuMoRGB
_jБ 78-9/683
942 _cBOOK
980 _aNB